Memoria 2010 (Registro nro. 23893)
[ vista simple ]
| 000 -CABECERA | |
|---|---|
| Longitud fija campo de control | 01136nam a2200349 c 4500 |
| 001 - NÚMERO DE CONTROL | |
| Número de control | 23893 |
| 003 - IDENTIFICADOR DE NÚMERO DE CONTROL | |
| Identificador del número de control | ES-MaCES |
| 005 - FECHA Y HORA DE LA ÚLTIMA TRANSACCIÓN | |
| Fecha y hora de la última transacción | 20141221122856.0 |
| 008 - CAMPO FIJO DE DESCRIPCIÓN FIJA--INFORMACIÓN GENERAL | |
| Códigos de información de longitud fija | 110707s2011 sp t o000 | spa d |
| 017 ## - NÚMERO DE REGISTRO DE DERECHOS DE AUTOR Y DEPÓSITO LEGAL | |
| Número de copyright o de depósito legal | M 15568-2011 |
| Agencia que asigna el número | DL |
| 035 ## - NÚMERO DE CONTROL DEL SISTEMA | |
| Número de control del sistema | CES20110005746m |
| 040 ## - FUENTE DE CATALOGACIÓN | |
| Centro catalogador de origen | ES-MaCES |
| Lengua de catalogación | spa |
| Centro transcriptor | ES-MaCES |
| 110 1# - ENCABEZAMIENTO PRINCIPAL--NOMBRE CORPORATIVO | |
| Nombre de entidad corporativa o nombre de jurisdicción como elemento inicial | España |
| Unidad subordinada | Tribunal Constitucional |
| 9 (RLIN) | 3446 |
| 245 10 - MENCIÓN DE TÍTULO | |
| Título | Memoria 2010 |
| Mención de responsabilidad, etc. | Tribunal Constitucional |
| 260 ## - PUBLICACIÓN, DISTRIBUCIÓN, ETC (PIE DE IMPRENTA) | |
| Lugar de publicación, distribución, etc. | [Madrid] |
| Nombre del editor, distribuidor, etc. | TC |
| Fecha de publicación, distribución, etc. | [2011] |
| 300 ## - DESCRIPCIÓN FÍSICA | |
| Extensión | 287 p. |
| Dimensiones | 24 cm |
| Material anejo | 1 CD-ROM |
| 500 ## - NOTA GENERAL | |
| Nota general | Publ. simultáneamente en CD-ROM |
| 500 ## - NOTA GENERAL | |
| Nota general | Tít. del CD-ROM: Memoria 2010, 1999/2010 |
| 541 ## - NOTA DE LA FUENTE INMEDIANTE DE ADQUISICIÓN | |
| Forma de adquisición | Gratuito |
| 610 14 - ASIENTO SECUNDARIO DE MATERIA--NOMBRE CORPORATIVO | |
| Nombre de entidad corporativa o nombre de jurisdicción como elemento inicial | España |
| Unidad subordinada | Tribunal Constitucional |
| 9 (RLIN) | 3446 |
| 650 #4 - ASIENTO SECUNDARIO DE MATERIA--TÉRMINO DE MATERIA | |
| Término de materia o nombre geográfico como elemento inicial | informe de actividades |
| 9 (RLIN) | 28984 |
| 650 #4 - ASIENTO SECUNDARIO DE MATERIA--TÉRMINO DE MATERIA | |
| Término de materia o nombre geográfico como elemento inicial | memoria anual |
| 9 (RLIN) | 28977 |
| 650 #4 - ASIENTO SECUNDARIO DE MATERIA--TÉRMINO DE MATERIA | |
| Término de materia o nombre geográfico como elemento inicial | 2010 |
| 9 (RLIN) | 31233 |
| 650 #4 - ASIENTO SECUNDARIO DE MATERIA--TÉRMINO DE MATERIA | |
| Término de materia o nombre geográfico como elemento inicial | 1999-2010 |
| 9 (RLIN) | 32010 |
| 650 #4 - ASIENTO SECUNDARIO DE MATERIA--TÉRMINO DE MATERIA | |
| Término de materia o nombre geográfico como elemento inicial | CD ROM |
| 9 (RLIN) | 30331 |
| 653 10 - TÉRMINO DE INDEXACIÓN--NO CONTROLADO | |
| Término no controlado | Administración-Instituciones públicas |
| 740 02 - ENCABEZAMIENTO SECUNDARIO--TÍTULO ANALÍTICO/RELACIONADO NO CONTROLADO | |
| Título relacionado o analítico no controlado | Memoria 2009, 1999-2008 / Tribunal Constitucional |
| 787 0# - ENTRADA DE OTRAS ESPECIFICACIONES | |
| Título | Memoria 2009 / Tribunal Constitucional |
| Número de control del registro relacionado | (ES-MaCES)23245 |
| 902 ## - CES. TIPO DE DOCUMENTO | |
| Tipodoc (006$c Sirtex) | LIB Libro |
| 942 ## - ELEMENTOS KOHA | |
| Fuente de clasificaión o esquema | Clasificación propia del CES |
| Koha [por defecto] tipo de item | Monografías |
| Parte de clasificación | 6.3. |
| Número de registro | Signatura completa | Tipo de item de Koha |
|---|---|---|
| 079629 | SR-CD-1023 | Monografías |
| 079633 | DPT-11107 | Monografías |
